Quan hệ Nga - Mỹ sau chiến tranh lạnh : Sách tham khảo

Phân tích mối quan hệ Nga- Mỹ qua chính sách đối ngoại của từng nước trong cục diện quan hệ quốc tế đã thay đổi nhanh chóng, phức tạp từ hơn một thập niên dầu thế kỉ 21. Từ đó đánh giá bản chất và triển vọng mối quan hệ quốc tế này...

पूर्ण विवरण

में बचाया:
ग्रंथसूची विवरण
मुख्य लेखक: Hà, Mỹ Hương
स्वरूप: पुस्तक
भाषा:Undetermined
प्रकाशित: Hà Nội Chính trị Quốc gia 2003
विषय:
टैग : टैग जोड़ें
कोई टैग नहीं, इस रिकॉर्ड को टैग करने वाले पहले व्यक्ति बनें!
Thư viện lưu trữ: Trung tâm Học liệu Trường Đại học Cần Thơ
LEADER 01141nam a2200229Ia 4500
001 CTU_93678
008 210402s9999 xx 000 0 und d
020 |c 24000 
082 |a 327.47073 
082 |b H561 
100 |a Hà, Mỹ Hương 
245 0 |a Quan hệ Nga - Mỹ sau chiến tranh lạnh : 
245 0 |b Sách tham khảo 
245 0 |c Hà Mỹ Hương 
260 |a Hà Nội 
260 |b Chính trị Quốc gia 
260 |c 2003 
520 |a Phân tích mối quan hệ Nga- Mỹ qua chính sách đối ngoại của từng nước trong cục diện quan hệ quốc tế đã thay đổi nhanh chóng, phức tạp từ hơn một thập niên dầu thế kỉ 21. Từ đó đánh giá bản chất và triển vọng mối quan hệ quốc tế này cũng như tác động của nó đối với quan hệ quốc tế trong tương lai 
650 |a International relations,International relations 
650 |z Russian,United states 
904 |i Trúc 
980 |a Trung tâm Học liệu Trường Đại học Cần Thơ